| 000 | 01177nam a2200253Ia 4500 | ||
|---|---|---|---|
| 003 | OSt | ||
| 005 | 20220923213902.0 | ||
| 006 | a|||||r|||| 00| 0 | ||
| 007 | ta | ||
| 008 | 220922b |||||||| |||| 00| 0 hin d | ||
| 024 | _a165,410 | ||
| 037 | _cTextual | ||
| 040 |
_aARTS _cARTS _bhin |
||
| 041 |
_2hin _ahin |
||
| 082 | _aO152,1M972x, K4;K5 | ||
| 100 | _aशर्मा, बालकृष्ण | ||
| 245 | 0 |
_aहम विषपायी जनम के _b दिवंगत श्री बालकृष्ण शर्मा नवीन के अप्रकाशित काव्य-साहित्य का संकलन |
|
| 246 | _aHam viṣhapāyī janam ke: divangat shrī bālakṛuṣhṇa sharmā navīn ke aprakāshit kāvya-sāhitya kā sankalana | ||
| 260 | _c1964 | ||
| 490 | _aज्ञानपीठ लोाकेादय ग्रन्थमाला लक्ष्मीचन्द्र जैन सम्पा0; 194 | ||
| 650 |
_aहिन्दी साहित्य _9156264 |
||
| 942 |
_hO152,1M972x, K4;K5 _cTEXL _2CC |
||
| 999 |
_c319889 _d319889 |
||